LEADER 01147nam0 22003251i 450 001 VAN00051482 005 20240806100456.757 010 $a88-420-5517-4 100 $a20060907d1998 |0itac50 ba 101 $aita 102 $aIT 105 $a|||| ||||| 200 1 $aAmbiguitą e armonia$elezioni trentine$fPaul K. Feyerabend$ga cura di Francesca Castellani 205 $aRoma [etc.] : GLF editori Laterza$b1998 210 $aXVI$d174 p.$c1 ritr. ; 21 cm 215 $aTrad. dall'inglese di Caterina Castellani. 606 $aFilosofia della scienza$3VANC003181$2FI 620 $dBari$3VANL000009 620 $dRoma$3VANL000360 676 $a501$v21 700 1$aFeyerabend$bPaul K.$3VANV010496$045134 702 1$aCastellani$bFrancesca$3VANV040443 712 $aLaterza $3VANV107871$4650 790 1$aFeyerabend, Paul Karl$zFeyerabend, Paul K.$3VANV247584 790 1$aFeyerabend, P. K.$zFeyerabend, Paul K.$3VANV247585 790 1$aFeyerabend, P.K.$zFeyerabend, Paul K.$3VANV247586 801 $aIT$bSOL$c20250425$gRICA 912 $aVAN00051482 996 $aAmbiguitą e armonia$9186054 997 $aUNICAMPANIA